| 000 | 00813nam a2200217Ii 4500 | ||
|---|---|---|---|
| 003 | JO-AjNU | ||
| 008 | 230605s9999||||xx |||||||||||||| ||und|| | ||
| 017 | _a1995/11/1228 | ||
| 040 |
_aJO-AjNU _bara _erda _cJO-AjNU |
||
| 041 | _aara | ||
| 050 | 1 | 4 | _aS544.R55 1996 |
| 100 | 3 |
_aتاليف الريماوي، احمد شكري؛ م .مشارك حسن جمعة حماد، م.مشارك خلدون عبد اللطيف الصبيحي, _eauthor _964251 |
|
| 245 | 0 | 0 | _aمقدمة في الارشاد الزراعي |
| 250 | _aط1 | ||
| 264 | 3 | 1 | _aعمان:دار حنين، مكتبة الفلاح للنشر، 1996 |
| 300 | _a374ص | ||
| 336 |
_atext _btxt _2rdacontent |
||
| 337 |
_aunmediated _bn _2rdamedia |
||
| 338 |
_avolume _bnc _2rdacarrier |
||
| 650 | 4 |
_aالارشاد الزراعي- تعليم _964252 |
|
| 999 |
_aA29189 _c32757 _d32757 |
||